paises con cabras - Estadísticas

Estadísticas generales
  • Esta prueba ha sido intentada 10 veces
  • La puntuación promedio es 5 de 15
Estadísticas de respuestas
Pregunta Respuesta % Correcto
¿Qué continente tiene la mayor población de cabras en total? Asia
50%
¿Qué país tiene la mayor población de cabras en el mundo? China
50%
¿Qué país europeo es conocido por criar cabras en islas montañosas como Creta? Grecia
50%
En zonas montañosas de Nepal, ¿para qué se usan principalmente las cabras? Leche y carne
50%
¿Qué país de Asia usa cabras para festivales religiosos como el Eid? Pakistan
40%
¿En qué país se originó la raza de cabras “Boer”, muy usada para carne? Sudafrica
40%
¿Cuál de estos países africanos es famoso por su producción de leche de cabra? Sudan
40%
¿Qué producto típico francés se elabora con leche de cabra? Chèvre
30%
¿Qué país insular africano del océano Índico es conocido por tener más cabras que personas? Comoras
30%
En América, ¿qué país se destaca por su industria de queso de cabra? Mexico
30%
¿Qué país andino usa cabras para sobrevivir en zonas áridas del altiplano? Bolivia
20%
¿Cuál de estos países europeos es conocido por sus quesos de cabra tradicionales? Francia
20%
¿Qué país del Medio Oriente es conocido por criar cabras en zonas desérticas? Arabia Saudi
10%
¿Cuál de estos países tiene más cabras por persona? Somalia
10%
¿Cuál de estos países asiáticos consume más carne de cabra per cápita? Bangaldes
0%
No se encontraron pruebas coincidentes
Distribución de puntuación
Porcentaje de gente con cada puntuación
Porcentaje por número respondido
Historial de tus puntuaciones
No has intentado esta prueba.